Statistics for Naruto Susanoo Color Quiz

Click here to take the quiz!

General Stats

  • This quiz has been taken 1,105 times
    (1,018 since last reset)
  • The average score is 5 of 7

Answer Stats

HintAnswer% Correct
ItachiRed/Orange
97%
MadaraDark Blue
87%
KakashiLight Blue
71%
IndraPurple
69%
SasukePurple
66%
ShisuiGreen
53%
HagaromoBlue
30%

Score Distribution

Percentile by Number Answered

Percent of People with Each Score

Your Score History

You have not taken this quiz since the last reset